000 00513nam a2200181Ia 4500
008 090124s9999 xx 000 0 und d
082 _b25654
100 _aलेले विमल
245 _a साद अनंताची
250 _a1
260 _bसंजय प्रकाशन
300 _a170
600 _aलेले विमल
630 _a साद अनंताची
700 _aलेले विमल
730 _a साद अनंताची
942 _cBOOK
999 _c93489
_d93489